000
00490nam a2200157Ia 4500
008
100204s9999 xx 000 0 und d
082
_b
11864
100
_a
केळकर ग. म.
245
_a
अव्दितीय साहस कथा भाग -2
250
_a
0
260
_c
1988
300
_a
66
630
_a
अव्दितीय साहस कथा भाग -2
730
_a
अव्दितीय साहस कथा भाग -2
942
_c
BOOK
999
_c
456276
_d
456273